000 00594nam a2200241 a 4500
001 nice12345678
003 IN_TiNIC
005 20260116013223.0
008 050524s0000 gera grp 000 0 eng
020 _a3822821
_c389.35
082 0 0 _a722.07
_bSTI
100 _aStierlin, Henri
245 _aIslamic India
260 _aGermany
_bBebedikt Taschen Verlag Gmbh
_c0000
300 _a190p
500 _aincludes index and biblioraphy
505 2 _aIndex
650 _aIslamic-Architecture
700 1 _aStierlin, Henri
902 _bSRS
942 _cBK
999 _c10165
_d10165